| 000 | 00621nam a2200229Ia 4500 | ||
|---|---|---|---|
| 003 | OSt | ||
| 005 | 20220925225632.0 | ||
| 006 | a|||||r|||| 00| 0 | ||
| 007 | ta | ||
| 008 | 220923b |||||||| |||| 00| 0 eng d | ||
| 037 | _cGeneral Book | ||
| 040 |
_aRTL _cRTL _beng |
||
| 041 |
_2eng _aeng |
||
| 082 | _aXz7, K4/SC | ||
| 100 | _aBROWN E H Phelps | ||
| 245 | 0 | _aCourse in applied economics. | |
| 260 |
_aLondon _bSir Isaag Pitman & Sons _c1964 |
||
| 300 |
_aix,443p. _ccm. |
||
| 700 | _a WISEMAN J | ||
| 942 |
_hXz7, K4/SC _cGB _2CC |
||
| 999 |
_c583925 _d583925 |
||